[Event "Camp. España equipos Div. Honor. Ultima "]
[Site "Ajedrez21.com"]
[Date "2004.11.26"]
[Round "9"]
[White "Vallejo, Francisco"]
[Black "Carlsen, Magnus"]
[Result "1-0"]
[WhiteElo "2678"]
[BlackElo "2581"]
[PlyCount "77"]
[EventDate "2004.??.??"]

1. e4 c5 2. Nf3 Nc6 3. c3 Nf6 4. e5 Nd5 5. d4 cxd4 6. cxd4 d6 7. Bc4 Nb6 8. Bb3
d5 9. Nh4 e6 10. Nf3 Bd7 11. Nc3 Rc8 12. O-O h6 13. h4 g6 14. g3 Bb4 15. Bc2
Ne7 16. Ne2 Nf5 17. Bd3 Be7 18. Kg2 Nc4 19. Rh1 Qb6 20. b3 Na5 21. Nf4 Nc6 22.
Bxf5 gxf5 23. Nh5 Nb4 24. Nf6+ Kd8 25. Ne1 Qa6 26. a3 Bb5 27. Bxh6 Rxh6 28.
axb4 Qb6 29. Qd2 Rh8 30. Nf3 Bxb4 31. Qg5 Kc7 32. Rac1+ Bc6 33. h5 Bf8 34. h6
Qxb3 35. h7 Qa3 36. Qg8 Be7 37. Qxf7 Rcf8 38. Qg7 Kd8 39. Ra1 1-0

[Event "Camp. España equipos Div. Honor. Ultima "]
[Site "Ajedrez21.com"]
[Date "2004.11.26"]
[Round "9"]
[White "Perez Candelario, Manuel"]
[Black "Moiseenko, Alexander"]
[Result "0-1"]
[WhiteElo "2474"]
[BlackElo "2653"]
[PlyCount "110"]
[EventDate "2004.??.??"]

1. e4 c5 2. Nc3 Nc6 3. Nge2 Nf6 4. d4 cxd4 5. Nxd4 e5 6. Ndb5 d6 7. Nd5 Nxd5 8.
exd5 Nb8 9. c4 Be7 10. Be3 O-O 11. Qd2 a6 12. Nc3 f5 13. f3 Nd7 14. Be2 Rf6 15.
Rc1 Nf8 16. b4 a5 17. a3 axb4 18. axb4 Rg6 19. g3 f4 20. gxf4 Bh4+ 21. Kd1 exf4
22. Bxf4 Rg2 23. Ne4 Ng6 24. Bxd6 Bf5 25. Ng3 Bd7 26. b5 Bxb5 27. cxb5 Qxd6 28.
Nf5 Qe5 29. Nxh4 Nxh4 30. d6 Nxf3 31. Qd3 Rxe2 32. d7 Re1+ 33. Rxe1 Qxe1+ 34.
Kc2 Qf2+ 35. Kd1 Qg1+ 36. Kc2 Qxh2+ 37. Kd1 Qg1+ 38. Kc2 Qg2+ 39. Kd1 Qh1+ 40.
Kc2 Qh2+ 41. Kd1 Qg1+ 42. Kc2 Qd4 43. Qxd4 Nxd4+ 44. Kd3 Rd8 45. Kxd4 Rxd7+ 46.
Ke5 h5 47. Rc4 Kh7 48. b6 Rf7 49. Rc7 Kg6 50. Kd6 h4 51. Rc5 Kh6 52. Rc7 Rf6+
53. Kc5 h3 54. Rxb7 h2 55. Rb8 Kh7 0-1

[Event "Camp. España equipos Div. Honor. Ultima "]
[Site "Ajedrez21.com"]
[Date "2004.11.26"]
[Round "9"]
[White "Gustafsson, Jan"]
[Black "Khamrakulov, Ibragim"]
[Result "1-0"]
[WhiteElo "2603"]
[BlackElo "2500"]
[PlyCount "121"]
[EventDate "2004.??.??"]

1. Nf3 Nf6 2. c4 e6 3. Nc3 c5 4. g3 b6 5. Bg2 Bb7 6. O-O Be7 7. d4 cxd4 8. Qxd4
Nc6 9. Qf4 d6 10. Rd1 O-O 11. b3 Qb8 12. Bb2 Rd8 13. Rac1 a6 14. Rd2 Na5 15.
Qd4 b5 16. cxb5 axb5 17. Qb4 Bc6 18. Nd4 Bxg2 19. Kxg2 Qb7+ 20. Kg1 d5 21. Qxb5
Qxb5 22. Ncxb5 Ne4 23. Rdc2 Bg5 24. e3 Nb7 25. a4 Na5 26. Bc3 Nxc3 27. Rxc3 e5
28. Nc6 d4 29. Nxd8 dxc3 30. b4 Bxd8 31. bxa5 Bxa5 32. Nxc3 Bxc3 33. Rxc3 h5
34. Ra3 Ra5 35. Kf1 Kf8 36. Ke2 Ke7 37. Kd3 Kd6 38. Ra2 Kd5 39. e4+ Kd6 40. Kc4
Rc5+ 41. Kb3 Ra5 42. Kb4 Ra8 43. a5 Rb8+ 44. Kc4 Rc8+ 45. Kd3 Rd8 46. Ke3 Kc6
47. a6 f6 48. f4 Kb6 49. fxe5 fxe5 50. a7 Kb7 51. Ra5 g6 52. a8=Q+ Rxa8 53.
Rxa8 Kxa8 54. Kd3 Kb7 55. Kc4 Kc6 56. h4 Kd6 57. Kb5 Ke6 58. Kc6 Kf6 59. Kd5 g5
60. Kd6 gxh4 61. gxh4 1-0

[Event "Camp. España equipos Div. Honor. Ultima "]
[Site "Ajedrez21.com"]
[Date "2004.11.26"]
[Round "9"]
[White "Carrasco, Juan"]
[Black "Arizmendi, Julen"]
[Result "1/2-1/2"]
[WhiteElo "2408"]
[BlackElo "2531"]
[PlyCount "28"]
[EventDate "2004.??.??"]

1. d4 Nf6 2. Nf3 e6 3. e3 d5 4. c4 a6 5. b3 c5 6. cxd5 exd5 7. Be2 Nc6 8. O-O
cxd4 9. Nxd4 Bd6 10. Bb2 O-O 11. Nc3 Re8 12. Rc1 Bc7 13. Nxc6 bxc6 14. Bf3 Qd6
1/2-1/2

[Event "Camp. España equipos Div. Honor. Ultima "]
[Site "Ajedrez21.com"]
[Date "2004.11.26"]
[Round "9"]
[White "Marin, Mihail"]
[Black "Graf, Alexander"]
[Result "1-0"]
[WhiteElo "2511"]
[BlackElo "2646"]
[PlyCount "61"]
[EventDate "2004.??.??"]

1. c4 Nf6 2. Nf3 e6 3. g3 d5 4. d4 dxc4 5. Bg2 a6 6. O-O Nc6 7. e3 Bd7 8. Nc3
Bb4 9. Qe2 b5 10. Ne5 Nxe5 11. dxe5 Bxc3 12. bxc3 Nd5 13. Ba3 Nxc3 14. Qg4 g6
15. Rac1 h5 16. Qf3 Nd5 17. Rfd1 a5 18. Bc5 Ra6 19. a4 b4 20. Bf1 Rc6 21. Rxc4
g5 22. h3 g4 23. hxg4 Qg5 24. e4 Nc3 25. Rxd7 Kxd7 26. Qxf7+ Kc8 27. Be3 Qxe5
28. Rxc6 hxg4 29. Bf4 Ne2+ 30. Bxe2 Qa1+ 31. Rc1 1-0

[Event "Camp. España equipos Div. Honor. Ultima "]
[Site "Ajedrez21.com"]
[Date "2004.11.26"]
[Round "9"]
[White "Giorgadze, Giorgi"]
[Black "Narciso, Marc"]
[Result "1/2-1/2"]
[WhiteElo "2612"]
[BlackElo "2487"]
[PlyCount "92"]
[EventDate "2004.??.??"]

1. d4 e6 2. c4 f5 3. g3 Nf6 4. Bg2 c6 5. Nf3 d5 6. O-O Bd6 7. b3 Qe7 8. Bb2 O-O
9. Qc1 b6 10. Ba3 Bb7 11. Bxd6 Qxd6 12. Qb2 Nbd7 13. Nbd2 c5 14. Rfd1 Rac8 15.
cxd5 exd5 16. Ne5 Rc7 17. Nxd7 Rxd7 18. e3 g5 19. dxc5 bxc5 20. Nc4 Qc7 21. Ne5
Rg7 22. Rac1 f4 23. Nd3 fxe3 24. Nxc5 exf2+ 25. Qxf2 Qb6 26. Nxb7 Qxf2+ 27.
Kxf2 Rxb7 28. Kg1 Rd7 29. Rd4 Re8 30. Bf3 Re6 31. Kf2 Kg7 32. Rc2 Kg6 33. Re2
Rxe2+ 34. Kxe2 Kf5 35. Rd2 g4 36. Bg2 Ne4 37. Rd4 Ke5 38. Ke3 Nf6 39. Ra4 Rc7
40. Kd2 Rg7 41. Ke3 Rc7 42. Kd2 h5 43. Kd3 Rh7 44. Ke3 Rc7 45. Kd3 Rh7 46. Ke3
Rc7 1/2-1/2

[Event "Camp. España equipos Div. Honor. Ultima "]
[Site "Ajedrez21.com"]
[Date "2004.11.26"]
[Round "9"]
[White "Jerez, Alfonso"]
[Black "Franco, Zenon"]
[Result "1/2-1/2"]
[WhiteElo "2434"]
[BlackElo "2526"]
[PlyCount "63"]
[EventDate "2004.??.??"]

1. e4 d6 2. d4 Nf6 3. Nc3 g6 4. Nf3 Bg7 5. Be2 O-O 6. O-O c5 7. dxc5 dxc5 8.
Be3 b6 9. Qc1 Bb7 10. Rd1 Qc8 11. Nd5 Nc6 12. Ne5 Re8 13. Nxc6 Qxc6 14. Bf3
Nxd5 15. exd5 Qf6 16. Rb1 e5 17. c4 Qd6 18. b4 cxb4 19. c5 bxc5 20. Bxc5 Qd7
21. Rxb4 Rac8 22. Qa3 Rxc5 23. Rxb7 Qxb7 24. Qxc5 e4 25. Be2 e3 26. fxe3 Bh6
27. Rd3 Qb2 28. Kf2 Qf6+ 29. Kg1 Qe5 30. Kf2 Qf6+ 31. Kg1 Qe5 32. Kf2 1/2-1/2

[Event "Camp. España equipos Div. Honor. Ultima "]
[Site "Ajedrez21.com"]
[Date "2004.11.26"]
[Round "9"]
[White "Reinaldo, Roi"]
[Black "Granados, Manuel"]
[Result "1-0"]
[WhiteElo "2446"]
[BlackElo "2425"]
[PlyCount "81"]
[EventDate "2004.??.??"]

1. e4 e5 2. Nf3 Nc6 3. d4 exd4 4. Nxd4 Nf6 5. Nxc6 bxc6 6. e5 Qe7 7. Qe2 Nd5 8.
c4 Ba6 9. b3 Qh4 10. a3 Nf4 11. Qe4 Ng6 12. Qxh4 Nxh4 13. Nd2 c5 14. Bb2 Bb7
15. Rg1 Be7 16. f4 Nf5 17. Bd3 Nd4 18. O-O-O f6 19. Rde1 O-O 20. g3 a5 21. Bxd4
cxd4 22. a4 Bb4 23. Re2 f5 24. g4 fxg4 25. Rxg4 h5 26. Rh4 Be7 27. Rxh5 Rxf4
28. Bf5 Bc8 29. Rg2 Ra6 30. Be4 c6 31. Bd3 Bc5 32. Ne4 Ba3+ 33. Kc2 c5 34. Nf6+
Raxf6 35. exf6 Rxf6 36. Be4 Ba6 37. Bd5+ Kf8 38. Rh8+ Ke7 39. Rh7 Rf1 40.
Rgxg7+ Kf6 41. Rf7+ 1-0

[Event "Camp. España equipos Div. Honor. Ultima "]
[Site "Ajedrez21.com"]
[Date "2004.11.26"]
[Round "9"]
[White "Lautier, Joel"]
[Black "Korneev, Oleg"]
[Result "1/2-1/2"]
[WhiteElo "2682"]
[BlackElo "2583"]
[PlyCount "79"]
[EventDate "2004.??.??"]

1. d4 Nf6 2. c4 e6 3. Nf3 c5 4. d5 exd5 5. cxd5 d6 6. Nc3 g6 7. e4 a6 8. a4 Bg4
9. Be2 Bxf3 10. Bxf3 Bg7 11. Bf4 Qe7 12. O-O O-O 13. Re1 Nbd7 14. Qd2 Rab8 15.
Be2 Rfe8 16. Bf1 Qf8 17. h3 Rbc8 18. a5 Nh5 19. Bg5 Re5 20. Be3 f5 21. exf5
gxf5 22. Ne2 c4 23. Nc3 f4 24. Bd4 Rg5 25. Kh1 Ne5 26. Ne4 Rg6 27. Bxe5 Bxe5
28. Be2 Nf6 29. Nxf6+ Qxf6 30. Rac1 c3 31. Qd3 Rc5 32. bxc3 Rxa5 33. Bf3 Rg7
34. c4 Rc5 35. Rb1 Rgc7 36. Rb6 Qg6 37. Qb3 Qg7 38. Be2 a5 39. Rb1 Qe7 40. Qd1
1/2-1/2

[Event "Camp. España equipos Div. Honor. Ultima "]
[Site "Ajedrez21.com"]
[Date "2004.11.26"]
[Round "9"]
[White "Fressinet, Laurent"]
[Black "Moreno, Javier"]
[Result "1-0"]
[WhiteElo "2640"]
[BlackElo "2512"]
[PlyCount "129"]
[EventDate "2004.??.??"]

1. e4 e6 2. d4 d5 3. Nc3 Nf6 4. Bg5 dxe4 5. Nxe4 Nbd7 6. Nf3 h6 7. Nxf6+ Nxf6
8. Bh4 c5 9. Be2 cxd4 10. Nxd4 Be7 11. O-O O-O 12. c3 e5 13. Nf3 Qc7 14. Re1
Rd8 15. Qc2 e4 16. Bxf6 Bxf6 17. Qxe4 Be6 18. Bd3 g6 19. Qe3 Kg7 20. Be4 a5 21.
a3 Ra6 22. Rad1 Rad6 23. Rxd6 Qxd6 24. Bc2 Qc7 25. h3 b5 26. Rd1 Rxd1+ 27. Bxd1
Bd5 28. Nd4 b4 29. axb4 axb4 30. Bf3 Bxf3 31. gxf3 bxc3 32. bxc3 Qc4 33. Kg2
Bg5 34. Qe1 Bf6 35. Qd2 Bg5 36. Qc2 Bf6 37. Ne2 Qc5 38. Qd2 h5 39. Qe3 Qd5 40.
Qe4 Qg5+ 41. Kf1 Qh4 42. Qxh4 Bxh4 43. Nc1 Kf6 44. Nd3 Ke6 45. c4 Bf6 46. Nc5+
Kf5 47. Ke2 Bd4 48. Nd3 Ba7 49. Kd2 Kg5 50. c5 Kh4 51. c6 Bb6 52. Ke2 Kxh3 53.
Nf4+ Kh2 54. Nd5 Bd8 55. Kf1 g5 56. Nf6 h4 57. Ne4 f6 58. Nxf6 h3 59. Ne4 Kh1
60. Nxg5 h2 61. Ne4 Bc7 62. f4 Bxf4 63. f3 Bc7 64. Ng5 Bd6 65. Ne6 1-0

[Event "Camp. España equipos Div. Honor. Ultima "]
[Site "Ajedrez21.com"]
[Date "2004.11.26"]
[Round "9"]
[White "Gurevich, Mikhail"]
[Black "Illescas, Miguel"]
[Result "0-1"]
[WhiteElo "2644"]
[BlackElo "2626"]
[PlyCount "116"]
[EventDate "2004.??.??"]

1. d4 d6 2. Bg5 h6 3. Bh4 g5 4. Bg3 f5 5. e3 Nf6 6. h4 Rg8 7. hxg5 hxg5 8. Nc3
e6 9. Qd2 Qe7 10. O-O-O a6 11. f3 Nc6 12. e4 f4 13. Bf2 Bd7 14. e5 Nd5 15. exd6
Qxd6 16. Ne4 Qe7 17. Bc4 O-O-O 18. Nh3 Kb8 19. Kb1 Bc8 20. Qe1 Rg6 21. Bb3 Qg7
22. Nhxg5 Rxg5 23. Nxg5 Qxg5 24. Bh4 Qg7 25. Bxd8 Nxd8 26. Qe5 Qf7 27. Qh5 Qd7
28. Qg6 Ne3 29. Rd3 Nf5 30. Rh8 Be7 31. a3 Ka7 32. Ka2 a5 33. Qe8 Qxe8 34. Rxe8
Bd7 35. Rxe7 Nxe7 36. Rd2 Nf5 37. Bc4 Ne3 38. Bd3 Nc6 39. b3 a4 40. Be4 axb3+
41. cxb3 Ne7 42. a4 Bc6 43. Bxc6 Nxc6 44. Kb2 Kb6 45. Kc3 Ka5 46. Re2 Nb4 47.
Re1 Nbd5+ 48. Kb2 Kb4 49. Rg1 Nf5 50. Rc1 c6 51. Rc4+ Ka5 52. Ka3 Nfe3 53. Rc5+
Kb6 54. Rc1 Nxg2 55. Rh1 Nge3 56. Kb2 Nf5 57. Rd1 Ka5 58. Ka3 Nde3 0-1

[Event "Camp. España equipos Div. Honor. Ultima "]
[Site "Ajedrez21.com"]
[Date "2004.11.26"]
[Round "9"]
[White "Damljanovic, Branko"]
[Black "Chernin, Alexander"]
[Result "0-1"]
[WhiteElo "2578"]
[BlackElo "2584"]
[PlyCount "96"]
[EventDate "2004.??.??"]

1. c4 Nf6 2. Nc3 e5 3. g3 Bb4 4. Bg2 O-O 5. Na4 c6 6. a3 Ba5 7. b4 Bc7 8. Bb2
d5 9. cxd5 cxd5 10. Nf3 Re8 11. O-O Nbd7 12. Rc1 Bd6 13. d3 Nf8 14. Re1 Ng6 15.
Nd2 b6 16. Nc3 Bb7 17. e4 d4 18. Nd5 Nxd5 19. exd5 Qd7 20. Qb3 Rad8 21. Rc6 Ne7
22. b5 Bb8 23. a4 Nxd5 24. Rec1 Ne7 25. Ba3 Nd5 26. Ne4 Bxc6 27. bxc6 Qf5 28.
h4 Bc7 29. Kh2 Nc3 30. Bh3 Qf3 31. Rc2 Qxd3 32. Ng5 Qg6 33. Bd7 h6 34. Nf3 Rxd7
35. cxd7 Rd8 36. Bb4 Rxd7 37. Bxc3 dxc3 38. Qxc3 Kh7 39. Qc6 e4 40. Ne1 Qxc6
41. Rxc6 Bd6 42. Rc4 f5 43. f3 Re7 44. Kg2 Bc5 45. Kf1 exf3 46. Nxf3 Re4 47.
Rc2 Rxa4 48. Rd2 Rg4 0-1

[Event "Camp. España equipos Div. Honor. Ultima "]
[Site "Ajedrez21.com"]
[Date "2004.11.26"]
[Round "9"]
[White "Corral, Juan A"]
[Black "Glavina, Pablo"]
[Result "1-0"]
[WhiteElo "2446"]
[BlackElo "2458"]
[PlyCount "139"]
[EventDate "2004.??.??"]

1. Nf3 g6 2. d4 Bg7 3. c3 d6 4. e4 Nd7 5. Bc4 e6 6. O-O Ne7 7. Re1 O-O 8. Bb3
b6 9. Nbd2 Bb7 10. Nf1 c5 11. Ng3 Qc7 12. Bg5 Rae8 13. Qd2 c4 14. Bc2 f6 15.
Bh6 e5 16. Bxg7 Kxg7 17. Ba4 Rd8 18. Bxd7 Rxd7 19. Rad1 Rdd8 20. Qe3 Ng8 21.
Rd2 Nh6 22. Red1 Nf7 23. h3 Qc6 24. b3 Rc8 25. Rc2 Rc7 26. Qe2 Ba6 27. Qd2 Rd8
28. Qc1 Rdc8 29. Nh2 b5 30. d5 Qd7 31. b4 Rf8 32. Rf1 Bc8 33. Qe3 Qe8 34. Re2
Re7 35. Qd2 Qd8 36. a4 a5 37. axb5 axb4 38. cxb4 Bd7 39. Qc3 Qb6 40. Ra2 Bxb5
41. Nf3 Rb7 42. Rb1 Rc8 43. Ne2 Bd7 44. Nd2 Qd8 45. Rab2 Bb5 46. Ra1 Ra8 47.
Rba2 Rxa2 48. Rxa2 Qb8 49. Qa3 Bd7 50. Nxc4 Rxb4 51. Rb2 Rxb2 52. Nxb2 Qb6 53.
Nd1 f5 54. exf5 Bxf5 55. Kh2 Qb5 56. Nec3 Qf1 57. Qb2 Qd3 58. Ne3 Kf6 59. Nb5
Qb1 60. Qe2 Qd3 61. Qb2 Bd7 62. Na3 Qa6 63. Nac4 Qb5 64. Qa3 Qa4 65. Qc3 Qb5
66. f4 Qc5 67. fxe5+ Nxe5 68. Qb2 h5 69. Nxe5 dxe5 70. Qf2+ 1-0

[Event "Camp. España equipos Div. Honor. Ultima "]
[Site "Ajedrez21.com"]
[Date "2004.11.26"]
[Round "9"]
[White "Baron, Jesus"]
[Black "Garcia Padron, Jose"]
[Result "1-0"]
[WhiteElo "2432"]
[BlackElo "2429"]
[PlyCount "115"]
[EventDate "2004.??.??"]

1. e4 c6 2. d4 d5 3. exd5 cxd5 4. c4 Nf6 5. Nc3 e6 6. Nf3 Bb4 7. cxd5 Nxd5 8.
Qc2 Nc6 9. Be2 O-O 10. O-O Be7 11. a3 b6 12. Nxd5 Qxd5 13. Bd3 f5 14. Rd1 b5
15. Qe2 a6 16. Bb1 Rd8 17. Ba2 Qe4 18. Be3 Bb7 19. Qd3 Kh8 20. Qxe4 fxe4 21.
Ng5 Bxg5 22. Bxg5 Rd6 23. d5 exd5 24. Rxd5 Rg6 25. Be3 Na5 26. Rd4 Bc6 27. Rad1
Nb7 28. Bd5 Bxd5 29. Rxd5 h6 30. b4 a5 31. Rxb5 Nd6 32. Rxa5 Rxa5 33. bxa5 Nc4
34. Rd4 Nxa5 35. Rxe4 Rc6 36. h4 Nc4 37. a4 Kg8 38. Kh2 Kf7 39. Rf4+ Ke6 40.
Rg4 Kf7 41. h5 Nxe3 42. Rf4+ Kg8 43. fxe3 Rc3 44. Re4 Kf7 45. g4 Kf6 46. Kg3
Ra3 47. Kf4 Ra1 48. Rb4 Rf1+ 49. Ke4 Rd1 50. Rb6+ Kg5 51. Rg6+ Kh4 52. a5 Kg3
53. a6 Ra1 54. Kd5 Kf3 55. Kc5 Kxe3 56. Kb6 Rb1+ 57. Kc7 Ra1 58. Kb7 1-0